| 000 | 00597nam a2200205 a 4500 | ||
|---|---|---|---|
| 001 | 18896 | ||
| 003 | CO-ViMGA | ||
| 008 | 141112s2004 ck r 000 u spa d | ||
| 020 | _a9681663918 | ||
| 040 |
_aCO-ViMGA _bspa _cCO-ViMGA |
||
| 082 | 0 | 4 | _aI 813.5 B768w |
| 100 | 1 |
_aBrowne, Anthony _927006 |
|
| 245 | 1 | 0 | _aWilly el soñador |
| 260 |
_aMexico : _bFondo de Cultura Economica; 1997 |
||
| 300 | _a22 p. il. | ||
| 490 | _aA la orilla del viento | ||
| 590 |
_aForma de adquisición : _Proyecto 2005 - - Precio : _ 35.100 |
||
| 650 | 1 | 4 |
_aCUENTOS INFANTILES ESTADOUNIDENSES _9823 |
| 942 |
_2ddc _cBK |
||
| 999 |
_c2814 _d2814 |
||